| 000 | 00630nam a2200205Ia 4500 | ||
|---|---|---|---|
| 005 | 20220614154018.0 | ||
| 008 | 210716s2010 xx 000 0 und d | ||
| 020 | _a9788132104476 | ||
| 040 | _cAIMIT LIBRARY | ||
| 041 | _aeng | ||
| 082 |
_a658.4092 _25 _bNORP |
||
| 100 |
_aNorthouse, Peter G. _942346 |
||
| 245 |
_aLeadership : _btheory and practice / _cBy Peter G. Northouse. |
||
| 250 | _a5th ed. | ||
| 260 |
_aNew Delhi : _bSage Publications , _c2010 . |
||
| 300 |
_axvi, 435p. ; _c24 cm. |
||
| 650 |
_aAuthentic leadership _942347 |
||
| 650 |
_aTransformational leadership _942348 |
||
| 942 |
_2ddc _cBK _e5th _k658.4092 NORP |
||
| 999 |
_c205922 _d205922 |
||